000 00629 a2200181 4500
020 _a3540004637
020 _a9783540004639
082 0 4 _a620.00151535
090 _c442
_d442
100 1 _aGaul, Lothar.
245 1 0 _aBoundary element methods for engineers and scientists /
_cLothar Gaul, Martin Kogl, Marcus Wagner.
260 _a[S.l.] :
_bSpringer,
_c2003.
300 _a504 p. ;
_c24 cm.
700 1 _aKogl, Martin.
700 1 _aWagner, Marcus.
942 _aSNS
_cBK
_k620.00151535 GAU
999 _c29074
_d29074